000 01643nam a22004457a 4500
001 T0000631
003 KOHA_MİRAKIL
005 20260207004630.0
007 ta
008 210629b2020 tu |||grm|||#0|||0|tur |
040 _aTR-BiSEU
_btur
_cTR-BiSEU
_erda
041 0 _atur
044 _ctu
050 0 0 _aTez
_b631
100 1 _aKızılay, Alperen.
245 1 _aE42 yarı Öklid uzayında yarı reel kuaterniyonik eğrilerin evolüsyonu üzerine
245 1 _a/
_cAlperen Kızılay ; Alperen Kızılay; danışman Önder Gökmen Yıldız.
264 1 _aBilecik :
_bBilecik Şeyh Edebali Üniversitesi
_c2020
300 _avi, 54 sayfa; 30 cm. +
_e1 CD-ROM
336 _ametin
_btxt
_2rdacontent
337 _aaracısız
_bn
_2rdamedia
338 _acilt
_bnc
_2rdacarrier
490 0 _aRef.
490 0 _aNo: 10373756
500 _aKaynakça var.
500 _aİngilizce Eser Adı: On the evolution of semi real qaterniyonic curves in the semi Euclidean space E42
502 _aTez (Yüksek Lisans) -- Bilecik Şeyh Edebali Üniversitesi Fen Bilimleri Enstitüsü Matematik Anabilim Dalı, Bilecik, .
650 0 _aYarı-Öklid Uzayı.
_9124863
650 0 _aYarı-Reel Kuaterniyon.
_9124864
650 0 _aYarı-Reel Kuaterniyonik Eğri.
_9124865
650 0 _aElastik Olmayan Eğri Akışı.
_9124866
650 0 _aSemi-Euclidean Space.
_9124867
650 0 _aSemi-Real Quaternion.
_9124868
650 0 _aSemi-Real Quaternionic Curve.
_9124869
650 0 _aInextensible Curve Flow.
_9124870
830 0 _aRef.
_9123605
830 0 _aNo: 10373756
_9124871
856 4 0 _uhttps://hdl.handle.net/11552/1736
907 _aYüksek Lisans
942 _2lcc
_cTS
999 _c66530
_d66530